| 000 | 00816nam a2200265 a 4500 | ||
|---|---|---|---|
| 001 | 000015057 | ||
| 005 | 20200929163937.0 | ||
| 008 | 100129s1993 sp 000 j spa d | ||
| 020 | _a8420646075 | ||
| 040 |
_aDO-SdBNP _bspa _cBNPHU |
||
| 041 | 1 | 7 |
_aspa _heng _2Código de idioma MARC |
| 082 |
_a813.4 _bL847p, 1993 |
||
| 100 | 1 |
_aLondon, Jack, _d1876-1916 _933180 |
|
| 245 | 1 | 0 |
_aPor un bistec = El chinago / _cJack London ; traducción de Carmen Criado. |
| 246 | 1 | 1 | _iEl chinago |
| 250 | _a5a ed. | ||
| 260 |
_aMadrid : _bAlianza, _c1993. |
||
| 300 |
_a64 p. ; _c15 cm. |
||
| 490 | 1 |
_aAlianza cien _v7 |
|
| 650 | 4 |
_aCuentos estadounidense _910646 |
|
| 650 | 4 |
_aLiteratura estadouniense _ySIGLO XIX-XX _934082 |
|
| 700 | 1 |
_aCriado, Carmen, _etr. _934083 |
|
| 830 | 0 |
_aAlianza cien ; _v7 _912832 |
|
| 049 | _aBNPHU | ||
| 999 |
_c14630 _d14630 |
||